| 000 | 00381nam a2200145Ia 4500 | ||
|---|---|---|---|
| 008 | 210210b1974 xxu||||| |||| 00| 0 eng d | ||
| 020 | _a0 226 51668 7 | ||
| 082 | _a302 MEAM | ||
| 100 | _aMEAD (George H). | ||
| 245 | _aMind, self & society. | ||
| 260 |
_aLondon _bThe University of Chicago Press. _c1974 |
||
| 300 | _axxxviii,401 | ||
| 690 | _aSocial Psychology | ||
| 906 | _a041110 | ||
| 999 |
_c91098 _d91098 |
||